Sostenibilidad de la caficultura de baja altura: análisis de una paradoja /

Gespeichert in:
Bibliographische Detailangaben
1. Verfasser: Hartley Ballestero, Marjorie
Format: Text
Tags: Tag hinzufügen
Keine Tags, Fügen Sie den ersten Tag hinzu!

MARC

LEADER 00000 a a2200000 04500
001 41186
003
040
100 |a Hartley Ballestero, Marjorie  
245 |a Sostenibilidad de la caficultura de baja altura:   |b análisis de una paradoja /  |c Marjorie Hartley Ballestero  
773 |g volumen28, número1 ( , 2010), páginas 101-114  
999 |c 37637  |d 37637